ბათუმის შოთა რუსთაველის სახელმწიფო უნივერსიტეტის ბიბლიოთეკა

ტრაგედიები / (ბიბ.ჩანაწერი № 55976)

000 -ლიდერი
ფიქსირებული სიგრძის საკონტროლო ველი 01083nam a2200253Ia 4500
001 - საკონტროლო ნომერი
საკონტროლო ველი 23075
003 - საკონტროლო ნომრის იდენტიფიკატორი
საკონტროლო ველი GE_BSU
005 - ბოლო ოპერაციის თარიღი და დრო
საკონტროლო ველი 20230703163015.0
008 - ფიქსირებული სიგრძის მონაცემთა ელემენტები - ზოგადი ინფორმაცია
ფიქსირებული სიგრძის საკონტროლო ველი 181216s1971||||ge |||||||||||||| ||geo||
040 ## - კატალოგიზაციის წყარო
Transcribing agency GE_BSU
041 ## - ენის კოდი
Language code of text/sound track or separate title geo
080 ## - უნივერსალური ათობითი კლასიფიკაციის ინდექსი
Universal Decimal Classification number 821.14'01-21 ს-72
100 ## - მთავარი ჩანაწერი - პიროვნების სახელი
Personal name სოფოკლე
9 (RLIN) 15460
245 ## - ცნობა სათაურის შესახებ
Title ტრაგედიები /
Statement of responsibility, etc სოფოკლე ; რედ. ლ. ელიოზიშვილი ; თარგმანი დ. გაჩეჩილაძისა.
264 ## - წარმოების, გამოცემის, დისტრიბუციის და სხვა ცნობები
გამოცემის, წარმოების, დისტრიბუციის... ადგილი თბილისი :
გამოცემის, წარმოების, დისტრიბუციის... სახელწოდება საბჭ. საქართველო,
გამოცემის, წარმოების, დისტრიბუციის... თარიღი 1971.
300 ## - ფიზიკური აღწერა
Extent 155 გვ. :
Other physical details ილ. ;
Dimensions 17 სმ.
653 ## - INDEX TERM--UNCONTROLLED
Uncontrolled term ანტიკური კულტურა
653 ## - INDEX TERM--UNCONTROLLED
Uncontrolled term ოიდიპოს მეფე. ანტიგონე
653 ## - INDEX TERM--UNCONTROLLED
Uncontrolled term ტრაგედიები
700 ## - ADDED ENTRY--PERSONAL NAME
Personal name ელიოზიშვილი, ლ.
Relator term რედაქტორი
9 (RLIN) 19151
700 ## - ADDED ENTRY--PERSONAL NAME
Personal name გაჩეჩილაძისა, დ.
Relator term თარგმანი
9 (RLIN) 19152
942 ## - ADDED ENTRY ELEMENTS (KOHA)
Koha item type წიგნი
Source of classification or shelving scheme
ეგზემპლარები
ჩამოწერის სტატუსი დაკარგული ეგზემპლარის სტატუსი კლასიფიკაციის წყარო ან თაროზე გაწყობის სქემა დაზიანების სტატუსი არ გაიცემა მუდმივი მდებარეობა (დაცვის ადგილი) ამჟამინდელი ადგილსამყოფელი თაროზე განთავსების ადგილი შეძენის თარიღი ღირებულება, შესყიდვის ნორმალური ფასი სრული შენახვის შიფრი შტრიხკოდი ბოლო ოპერაციის თარიღი ეგზემპლარის მიმდევრობითი ნომერი (კეტერი?) ფასის ძალაში შესვლის თარიღი ეგზემპლარის სახეობა საჯარო შენიშვნა
          ბათუმის შოთა რუსთაველის სახელმწიფო უნივერსიტეტის მთავარი ბიბლიოთეკა ბათუმის შოთა რუსთაველის სახელმწიფო უნივერსიტეტის მთავარი ბიბლიოთეკა წიგნსაცავი 2018-12-17 0.30 821.14'01-21 ს-72 58496 2018-12-17 58496 2018-12-17 წიგნი 0.30 ₾.